Normal view
MARC view
- Mathematics
Entry Topical Term
001 - CONTROL NUMBER
- control field: 131197
003 - CONTROL NUMBER IDENTIFIER
- control field: NUST
005 - DATE AND TIME OF LATEST TRANSACTION
- control field: 20251015164604.0
008 - FIXED-LENGTH DATA ELEMENTS
- fixed length control field: 251015|| aca||aabn | a|a d
040 ## - CATALOGING SOURCE
- Original cataloging agency: NUST
- Transcribing agency: NUST
150 ## - HEADING--TOPICAL TERM
- Topical term or geographic name entry element: Mathematics
- Topical term or geographic name entry element: Geometry
670 ## - SOURCE DATA FOUND
- Source citation: Work cat.: (NUST): Burger, Edward B. 131196, Holt McDougal Geometry/, 2012.
